书目信息 |
| 题名: |
新三字经
|
|
| 作者: | 《新三字经》编写委员会编 | |
| 分册: | ||
| 出版信息: | 广州 广东教育出版社 1995 |
|
| 页数: | 125页 | |
| 开本: | 20cm | |
| 丛书名: | ||
| 单 册: | ||
| 中图分类: | H194.3 , G41 | |
| 科图分类: | ||
| 主题词: | 汉语--现代--启蒙读物 , 思想政治教育--学校教育 , 德育--学校教育 | |
| 电子资源: | ||
| ISBN: | 7-5406-2852-9 | |
| 000 | 00636nam0 2200241 45 | |
| 001 | 0197031892 | |
| 005 | 20040426162815.1 | |
| 010 | @a7-5406-2852-9@dCNY4.80 | |
| 100 | @a19970916d1995 am y0chiy0121 ea | |
| 101 | 0 | @achi |
| 102 | @aCN@b440000 | |
| 105 | @af z 000gy | |
| 106 | @ar | |
| 200 | 10 | @a新三字经@Axin san zi jing@f《新三字经》编写委员会编 |
| 210 | @a广州@c广东教育出版社@d1995 | |
| 215 | @a125页@c彩图@d20cm | |
| 606 | @a汉语@z现代@x启蒙读物 | |
| 606 | 0 | @a思想政治教育--学校教育 |
| 606 | 0 | @a德育--学校教育 |
| 690 | @aH194.3@v3 | |
| 690 | @aG41 | |
| 801 | 0 | @aCN@bNLC@c19971022 |
| 905 | @f2@b269589-590@dG41@e11 | |
| 新三字经/《新三字经》编写委员会编.-广州:广东教育出版社,1995 |
| 125页:彩图;20cm |
| ISBN 7-5406-2852-9:CNY4.80 |
| ● |
| 相关链接 |
|
|
|
|
正题名:新三字经
索取号:G41/11
 
预约/预借
| 序号 | 登录号 | 条形码 | 馆藏地/架位号 | 状态 | 备注 |
| 1 | 0269588 | 000269060 | 第一样本阅览室/ [索取号:G41/11] | 在馆 | |
| 2 | 0269589 | 000269122 | 第四借阅区/ [索取号:G41/11] | 在馆 | |
| 3 | 0269590 | 000269051 | 第四借阅区/ [索取号:G41/11] | 在馆 |